000
00294nam a2200109Ia 4500
008
220204s9999 xx 000 0 und d
082
_a
929.5(03)
_b
DAI
100
_a
Daintith
245
0
_a
Chambers biographical encyclopedia of scientists
260
_a
Edinburgh
_b
W R Chambers
_c
1981
942
_c
BK
999
_c
38092
_d
38092